000 00342nam a22001577a 4500
003 MPLRDC
005 20220104113814.0
008 210129b ||||| |||| 00| 0 eng d
082 _a857.7 YD v.19
100 _a依达著
245 _a街灯
_c
260 _a
_b环球出版社
_c
300 _b
650 _a
942 _cBK
_o857.7 YD v.19
999 _c2507
_d2497